| 000 | 00936nam a2200277 a 4500 | ||
|---|---|---|---|
| 001 | BRCA_5468 | ||
| 005 | 20190320205106.0 | ||
| 008 | 030111s1976----mx-a###f##---#000-0#spa-# | ||
| 041 | _aspa | ||
| 044 | _amx | ||
| 050 | 4 |
_aND253 _b.S25 1976 |
|
| 100 | 1 |
_aSantiago Silva, José de _913970 |
|
| 245 | 1 | 0 |
_aAlgunas consideraciones sobre las pinturas enconchadas del Museo Nacional de Historia _cJosé de Santiago Silva. |
| 260 |
_aMéxico _bCastillo de Chapultepec, INAH _c1976 |
||
| 300 |
_a45 p. _bil. _c28 cm. |
||
| 440 | 0 |
_aColecciones de los museos _913971 |
|
| 500 | _aIncluye lista de ilustraciones | ||
| 500 | _aEjemplar engargolado | ||
| 500 | _aPor política no se presta a domicilio | ||
| 504 | _aBibliografía: p. 45 | ||
| 610 | 2 | 4 |
_aMuseo Nacional de Historia (México) _93666 |
| 650 | 1 | 4 |
_aPintura _ySiglo XVII-XVIII _zMéxico _913972 |
| 650 | 1 | 4 |
_aHistoria del arte _zMéxico _913973 |
| 902 | _aeng | ||
| 942 |
_2lcc _cB |
||
| 999 |
_c5162 _d5162 |
||